|
|
|
|
| LEADER |
00886nam a2200229 a 4500 |
| 001 |
2500986 |
| 008 |
091210s1991 bg bs 000 0 eng d |
| 010 |
|
|
|a 91905891
|
| 040 |
|
|
|a DLC
|c DLC
|d DLC
|
| 082 |
0 |
0 |
|a 331.3/1/095492
|
| 100 |
1 |
|
|a Ahmad, Alia.
|
| 245 |
1 |
0 |
|a Child labour in Bangladesh /
|c Alia Ahmad and M.A. Quasem.
|
| 260 |
|
|
|a Dhaka :
|b Available at the Bangladesh Institute of Development Studies,
|c 1991.
|
| 300 |
|
|
|a 106 p. ;
|c 25 cm.
|
| 504 |
|
|
|a Includes bibliographical references (p. 98-101).
|
| 541 |
1 |
|
|e 00006052
|
| 650 |
|
0 |
|a Child labor
|z Bangladesh.
|
| 700 |
1 |
|
|a Quasem, Md. Abul,
|d 1943-
|
| 740 |
0 |
|
|a Child labor in Bangladesh.
|
| 852 |
4 |
|
|a Ayesha Abed Library
|j General shelf
|
| 999 |
|
|
|c 6040
|d 6040
|
| 952 |
|
|
|0 0
|1 0
|2 ddc
|4 0
|6 331_310954920000000_AHM_1991
|7 0
|9 6034
|a BRACUL
|b BRACUL
|c GEN
|d 2009-12-14
|g 120.00
|l 0
|o 331.31095492 AHM
|p 3010006052
|r 2009-12-14
|t 1
|w 2009-12-14
|y BK
|